000 00687nam a2200217 i 4500
001 41089
003 ES-MaACL
007 t|
008 030307s1986 sp ||||1| spa d
020 _a84-7684-013-6
100 1 _aCarmona, Fernando.
_935340
245 1 0 _aLírica románica medieval /
_cFernando Carmona, Carmen Hernández, José Antonio Trigueros.
260 _aMurcia :
_bUniverdidad,
_c[1986]
300 _a1 v. ;
_c20 cm.
500 _aIndice.
504 _aBibliografía.
505 8 _aContiene: V. I: Desde los orígenes hasta finales del siglo XIII
700 1 _aHernández, Carmen.
_962794
700 1 _aTrigueros, José Antonio.
_9111417
852 _aES-MaACL
_jP- 1697
999 _c41089
_d41089